Mixed media painting workshop : (Record no. 19608)
[ view plain ]
| 000 -LEADER | |
|---|---|
| fixed length control field | 01096cam a2200325 i 4500 |
| 001 - CONTROL NUMBER | |
| control field | 18538025 |
| 003 - CONTROL NUMBER IDENTIFIER | |
| control field | EG-ScBUE |
| 005 - DATE AND TIME OF LATEST TRANSACTION | |
| control field | 20230528103048.0 |
| 008 - FIXED-LENGTH DATA ELEMENTS--GENERAL INFORMATION | |
| fixed length control field | 150323t2013 ohua f 001 0 eng d |
| 020 ## - INTERNATIONAL STANDARD BOOK NUMBER | |
| International Standard Book Number | 9781440325076 |
| 020 ## - INTERNATIONAL STANDARD BOOK NUMBER | |
| International Standard Book Number | 1440325073 |
| 040 ## - CATALOGING SOURCE | |
| Original cataloging agency | TOH |
| Language of cataloging | eng |
| Description conventions | rda |
| Transcribing agency | TOH |
| Modifying agency | YDXCP |
| -- | BTCTA |
| -- | BDX |
| -- | CLE |
| -- | VP@ |
| -- | AZFX8 |
| -- | QBX |
| -- | OCLCO |
| -- | OCLCF |
| -- | DLC |
| -- | EG-ScBUE |
| 082 04 - DEWEY DECIMAL CLASSIFICATION NUMBER | |
| Classification number | 751.4 |
| Edition number | 22 |
| Item number | PED |
| 100 1# - MAIN ENTRY--PERSONAL NAME | |
| Personal name | Pederson, Jean, |
| Dates associated with a name | 1962- |
| Relator term | author. |
| 9 (RLIN) | 38158 |
| 245 10 - TITLE STATEMENT | |
| Title | Mixed media painting workshop : |
| Remainder of title | explore mediums, techniques and the personal artistic journey / |
| Statement of responsibility, etc | by Jean Pederson. |
| 250 ## - EDITION STATEMENT | |
| Edition statement | First edition. |
| 264 #1 - PUBLICATION, DISTRIBUTION, ETC. (IMPRINT) | |
| Place of publication, distribution, etc | Blue Ash : |
| Name of publisher, distributor, etc | North Light Books, |
| Date of publication, distribution, etc | [2013] |
| 264 #4 - PUBLICATION, DISTRIBUTION, ETC. (IMPRINT) | |
| Date of publication, distribution, etc | c2013 |
| 300 ## - PHYSICAL DESCRIPTION | |
| Extent | 127 pages : |
| Other physical details | color illustrations ; |
| Dimensions | 28 cm |
| 336 ## - CONTENT TYPE | |
| Source | rdacontent |
| Content type term | text |
| Content type code | txt |
| 337 ## - MEDIA TYPE | |
| Source | rdamedia |
| Media type term | unmediated |
| Media type code | n |
| 338 ## - CARRIER TYPE | |
| Source | rdacarrier |
| Carrier type term | volume |
| Carrier type code | nc |
| 500 ## - GENERAL NOTE | |
| General note | Includes index.<br/> |
| 650 #7 - SUBJECT ADDED ENTRY--TOPICAL TERM | |
| Topical term or geographic name as entry element | Mixed media painting |
| General subdivision | Technique. |
| Source of heading or term | BUEsh |
| 650 #7 - SUBJECT ADDED ENTRY--TOPICAL TERM | |
| Topical term or geographic name as entry element | Mixed media (Art) |
| Source of heading or term | BUEsh |
| 651 ## - SUBJECT ADDED ENTRY--GEOGRAPHIC NAME | |
| Source of heading or term | BUEsh |
| 653 ## - INDEX TERM--UNCONTROLLED | |
| Resource For college | Communication and mass media |
| Arrived date list | June2015 |
| 655 ## - INDEX TERM--GENRE/FORM | |
| Form subdivision | Reading book |
| 942 ## - ADDED ENTRY ELEMENTS (KOHA) | |
| Source of classification or shelving scheme | Dewey Decimal Classification |
| Call number prefix | 751.4 PED |
| Koha item type | Book - Borrowing |
| Withdrawn status | Lost status | Source of classification or shelving scheme | Damaged status | Not for loan | Collection code | Home library | Current library | Shelving location | Date acquired | Source of acquisition | Cost, normal purchase price | Serial Enumeration / chronology | Total Checkouts | Total Renewals | Full call number | Barcode | Date last seen | Date checked out | Cost, replacement price | Koha item type |
|---|---|---|---|---|---|---|---|---|---|---|---|---|---|---|---|---|---|---|---|---|
| Dewey Decimal Classification | Alahram | Central Library | Central Library | Second Floor | 11/06/2015 | 198.00 | 339 | 3 | 10 | 751.4 PED | 000038521 | 15/07/2025 | 07/12/2023 | 247.50 | Book - Borrowing |